[Event "Brexit Celebration"]
[Site "SchemingMind.com"]
[Date "2020.03.26"]
[Round "-"]
[White "Steven DuCharme"]
[Black "The Stonewall"]
[Result "0-1"]
[WhiteCountry "USA"]
[BlackCountry "ENG"]
[WhiteElo "1569"]
[WhiteRD "54"]
[BlackElo "2430"]
[BlackRD "90"]
[GameID "452709"]

1. Nf3 f5 2. b3 Nf6 3. Bb2 g6 4. g3 Bg7 5. Bg2 O-O 6. O-O d6 7. d3 e5 8. Nbd2 Nc6 9. a3 Qe8 10. c4 b6
11. Re1 Bb7 12. e4 fxe4 13. Nxe4 Nxe4 14. dxe4 Nd8 15. a4 a5 16. h4 Ne6 17. Qd2 Nc5 18. Nh2 Nxb3 19. Qc3 Nxa1 20. Rxa1 Qc6
21. f3 Qc5+ 22. Kh1 Qf2 23. Nf1 Rf7 24. Bc1 Raf8 25. Be3 Rxf3 26. Bxf3 Qxf3+
0-1

[Event "Brexit Celebration"]
[Site "SchemingMind.com"]
[Date "2020.03.27"]
[Round "-"]
[White "The Stonewall"]
[Black "Steven DuCharme"]
[Result "1-0"]
[WhiteCountry "ENG"]
[BlackCountry "USA"]
[WhiteElo "2410"]
[WhiteRD "89"]
[BlackElo "1576"]
[BlackRD "56"]
[GameID "452710"]

1. c4 Nf6 2. Nc3 d5 3. cxd5 Nxd5 4. Nf3 g6 5. h4 h5 6. e4 Nb6 7. d4 Bg7 8. Be3 a6 9. Qd2 Nc6 10. Be2 Bg4
11. d5 Bxf3 12. gxf3 Ne5 13. b3 e6 14. Bxb6 cxb6 15. f4 Ng4 16. e5 Nxe5 17. fxe5 Bxe5 18. Rd1 exd5 19. Qe3
1-0

[Event "Brexit Celebration"]
[Site "SchemingMind.com"]
[Date "2020.04.10"]
[Round "-"]
[White "Steven DuCharme"]
[Black "DANDYLIONHONEYBADGER"]
[Result "1-0"]
[WhiteCountry "USA"]
[BlackCountry "USA"]
[WhiteElo "1599"]
[WhiteRD "55"]
[BlackElo "1391"]
[BlackRD "74"]
[GameID "453282"]

1. Nf3 f6 2. e4 e5 3. Nxe5 fxe5 4. Qh5+ g6 5. Qxe5+ Qe7 6. Qxh8 Nf6 7. d3 d6 8. Bg5 Nbd7 9. Be2 Ne5 10. Qxf6 Qxf6
11. Bxf6 Nc6 12. c3 Be7 13. Bxe7 Kxe7 14. O-O Ne5 15. d4 Nf7 16. f4 a6 17. Nd2 Bd7 18. a4 h5 19. e5 d5 20. c4 Bg4
21. Bxg4 hxg4 22. cxd5 Nh6 23. Rac1 Rc8 24. d6+ Kd7 25. Rxc7+ Rxc7 26. dxc7 Kxc7 27. d5 Nf5 28. g3 Ne3 29. Rc1+ Kb8 30. d6
1-0

[Event "Brexit Celebration"]
[Site "SchemingMind.com"]
[Date "2020.04.10"]
[Round "-"]
[White "DANDYLIONHONEYBADGER"]
[Black "Steven DuCharme"]
[Result "0-1"]
[WhiteCountry "USA"]
[BlackCountry "USA"]
[WhiteElo "1391"]
[WhiteRD "74"]
[BlackElo "1599"]
[BlackRD "55"]
[GameID "453283"]

1. Nc3 Nf6 2. f3 b6 3. e4 e5 4. a3 Bb7 5. d3 d5 6. Qe2 d4 7. Nd1 Be7 8. b4 Nbd7 9. Bg5 O-O 10. Bxf6 Bxf6
11. Nf2 c5 12. Ng4 h5 13. Nxf6+ Qxf6 14. h3 Rfc8 15. b5 Qh4+ 16. Kd2 Qf4+ 17. Ke1 Qg3+ 18. Kd1 a6 19. Qe3 dxe3 20. Ne2 Qf2
21. Kc1 axb5 22. Kb2 c4 23. d4 exd4 24. Nxd4 Qd2 25. Nf5 c3+ 26. Kb1 Qd1+ 27. Ka2 Qxc2#
0-1

[Event "Brexit Celebration"]
[Site "SchemingMind.com"]
[Date "2020.04.10"]
[Round "-"]
[White "The Stonewall"]
[Black "DANDYLIONHONEYBADGER"]
[Result "1-0"]
[WhiteCountry "ENG"]
[BlackCountry "USA"]
[WhiteElo "2422"]
[WhiteRD "87"]
[BlackElo "1391"]
[BlackRD "74"]
[GameID "453284"]

1. e4 e5 2. f4 Nc6 3. Nf3 d6 4. Bc4 Nh6 5. d3 Nd4 6. Nxd4 exd4 7. O-O Be6 8. Bxe6 fxe6 9. f5 e5 10. Bxh6 gxh6
11. Qh5+ Kd7 12. f6 Qe8 13. Qf3 Qg6 14. c3 c5 15. Nd2 h5 16. cxd4 Bh6 17. Nc4 Raf8 18. dxe5 b5 19. Nxd6 Rhg8 20. Nf5 Qg5
21. Nxh6 Qxh6 22. a4 b4 23. Rac1 Kc6 24. d4 Qg6 25. Rxc5+ Kb7 26. f7 Rxf7 27. Qxf7+
1-0

[Event "Brexit Celebration"]
[Site "SchemingMind.com"]
[Date "2020.04.10"]
[Round "-"]
[White "DANDYLIONHONEYBADGER"]
[Black "The Stonewall"]
[Result "0-1"]
[WhiteCountry "USA"]
[BlackCountry "ENG"]
[WhiteElo "1391"]
[WhiteRD "74"]
[BlackElo "2422"]
[BlackRD "87"]
[GameID "453285"]

1. Nc3 d5 2. d4 e6 3. Be3 Nf6 4. f3 Bb4 5. a3 Be7 6. Qd2 Nbd7 7. b4 a5 8. b5 O-O 9. O-O-O Bxa3+ 10. Kb1 Qe7
11. Na4 Nb6 12. Nxb6 cxb6 13. c3 Bd7 14. Qd3 Rfc8 15. Nh3 Rc4 16. Ng5 Bxb5 17. h4 Ba4 18. Rd2 Rac8 19. Ka2 Rxc3 20. Qb1 Rxe3
21. h5 Rb3 22. Qd1 Rb2+ 23. Rxb2 Bxd1
0-1

[Event "Brexit Celebration"]
[Site "SchemingMind.com"]
[Date "2020.04.11"]
[Round "-"]
[White "Steven DuCharme"]
[Black "ray winteringham"]
[Result "0-1"]
[WhiteCountry "USA"]
[BlackCountry "ENG"]
[WhiteElo "1569"]
[WhiteRD "54"]
[BlackElo "1485"]
[BlackRD "47"]
[GameID "453556"]

1. g3 d5 2. Bg2 e5 3. d3 h6 4. Nf3 f6 5. O-O Bc5 6. Nbd2 b6 7. Nb3 Nd7 8. Nxc5 Nxc5 9. b3 Ne7 10. Bb2 Bb7
11. a4 c6 12. b4 Nd7 13. e4 d4 14. Bxd4 exd4 15. Nxd4 Qc7 16. Ne6 Qd6 17. Nxg7+ Kd8 18. c3 Kc7 19. Nf5 Nxf5 20. exf5 Ne5
21. Be4 Rad8 22. f4 Nxd3 23. Qxd3 Qxd3 24. Bxd3 Rxd3 25. Rac1 h5 26. Rfe1 Bc8 27. Re7+ Rd7 28. Rce1 Rd8 29. c4 Rxe7 30. Rxe7+ Rd7
31. Re1 Rf7 32. h4 Bxf5
0-1

[Event "Brexit Celebration"]
[Site "SchemingMind.com"]
[Date "2020.04.11"]
[Round "-"]
[White "ray winteringham"]
[Black "Steven DuCharme"]
[Result "0-1"]
[WhiteCountry "ENG"]
[BlackCountry "USA"]
[WhiteElo "1485"]
[WhiteRD "47"]
[BlackElo "1569"]
[BlackRD "54"]
[GameID "453557"]

1. d4 d5 2. Nf3 Nf6 3. h3 g6 4. e3 Bg7 5. b3 O-O 6. Bb2 Nbd7 7. Bd3 c5 8. Nbd2 Qc7 9. O-O e5 10. dxe5 Ne8
11. Rb1 Nxe5 12. Nxe5 Bxe5 13. f4 Bxb2 14. Rxb2 f5 15. Qf3 Nf6 16. c4 Be6 17. Rfb1 Ne4 18. Bxe4 dxe4 19. Qf2 h5 20. Qg3 Kh7
21. Kf2 a5 22. Qh2 g5 23. g3 gxf4 24. exf4 Rad8 25. Rd1 Rd3 26. Ke1 Rfd8 27. Qe2 Kh6 28. Nf1 Rxd1+ 29. Kf2 R8d3 30. Nd2 R1xd2
31. Rxd2 Rf3+ 32. Kg2 Qg7 33. Rd6 Qxg3+ 34. Kh1 Qxh3+ 35. Kg1 Rg3+
0-1

[Event "Brexit Celebration"]
[Site "SchemingMind.com"]
[Date "2020.04.14"]
[Round "-"]
[White "The Stonewall"]
[Black "ray winteringham"]
[Result "1-0"]
[WhiteCountry "ENG"]
[BlackCountry "ENG"]
[WhiteElo "2410"]
[WhiteRD "89"]
[BlackElo "1499"]
[BlackRD "48"]
[GameID "453558"]

1. e4 c5 2. b3 Nc6 3. Bb2 a6 4. f4 f6 5. Qh5+ g6 6. Qxc5 e5 7. Qf2 Bg7 8. Nc3 Nge7 9. O-O-O exf4 10. Qxf4 d5
11. Nxd5 O-O 12. Nxf6+ Kh8 13. Qh4 Bxf6 14. Bxf6+ Kg8 15. Bc4+ Rf7 16. Bxf7+ Kxf7 17. Rf1 Kg8 18. Nf3 Qd7 19. Qh6 Nf5 20. exf5 b5
21. fxg6 Bb7 22. Ng5 Rf8 23. gxh7+
1-0

[Event "Brexit Celebration"]
[Site "SchemingMind.com"]
[Date "2020.04.14"]
[Round "-"]
[White "ray winteringham"]
[Black "The Stonewall"]
[Result "0-1"]
[WhiteCountry "ENG"]
[BlackCountry "ENG"]
[WhiteElo "1499"]
[WhiteRD "48"]
[BlackElo "2410"]
[BlackRD "89"]
[GameID "453559"]

1. d4 e6 2. c4 d5 3. Nf3 c6 4. g3 dxc4 5. e4 b5 6. Bg2 Bb7 7. O-O Nf6 8. e5 Nd5 9. Nc3 Nd7 10. Bd2 h6
11. Nxd5 cxd5 12. h4 a5 13. Nh2 Nb8 14. Qe1 Nc6 15. Be3 b4 16. f4 a4 17. Qe2 a3 18. b3 cxb3 19. axb3 Ba6 20. Qc2 Rc8
21. Qd2 Bxf1 22. Bxf1 Qb6 23. Bd3 Nxd4 24. Bxd4 Qxd4+ 25. Kh1 Qxa1+ 26. Kg2 Qb2
0-1

[Event "Brexit Celebration"]
[Site "SchemingMind.com"]
[Date "2020.04.16"]
[Round "-"]
[White "ray winteringham"]
[Black "DANDYLIONHONEYBADGER"]
[Result "0-1"]
[WhiteCountry "ENG"]
[BlackCountry "USA"]
[WhiteElo "1475"]
[WhiteRD "50"]
[BlackElo "1391"]
[BlackRD "74"]
[GameID "453560"]

1. d4 Nf6 2. Nc3 c6 3. e4 d6 4. Bg5 h6 5. Bxf6 gxf6 6. h3 Bg7 7. Bc4 Be6 8. Qd3 Bxc4 9. Qxc4 b5 10. Qd3 Na6
11. Nge2 h5 12. Nxb5 Qa5+ 13. Nbc3 Nb4 14. O-O Nxd3 15. Rab1 Nb4 16. a3 Nxc2 17. Rbc1 Nxa3 18. Ra1 Qg5 19. Rxa3 f5 20. f4 Qg6
21. Ra6 fxe4 22. Rxc6 O-O 23. b4 a5 24. bxa5 Rxa5 25. Rc4 d5 26. f5 Qg5 27. Kh2 dxc4
0-1

[Event "Brexit Celebration"]
[Site "SchemingMind.com"]
[Date "2020.04.16"]
[Round "-"]
[White "DANDYLIONHONEYBADGER"]
[Black "ray winteringham"]
[Result "1-0"]
[WhiteCountry "USA"]
[BlackCountry "ENG"]
[WhiteElo "1348"]
[WhiteRD "73"]
[BlackElo "1520"]
[BlackRD "50"]
[GameID "453561"]

1. Nc3 e5 2. e4 Nf6 3. Bd3 d6 4. Qe2 Be7 5. f3 Be6 6. h3 a6 7. g4 c5 8. Bc4 Qc8 9. Bxe6 Qxe6 10. Qd3 Nbd7
11. Nd5 Rc8 12. b3 O-O 13. Ne2 Nb8 14. Nb6 Rc6 15. Nc4 Nfd7 16. f4 f6 17. f5 Qf7 18. Bb2 b5 19. Na5 Rc7 20. Nc3 Nb6
21. O-O-O c4 22. bxc4 Nxc4 23. Nxc4 Rxc4 24. Nd5 Bd8 25. h4 Ba5 26. Bc3 Bxc3 27. dxc3 Qa7 28. g5 fxg5 29. hxg5 Nc6 30. Qh3 Kf7
31. Qh5+ g6 32. Qxh7+ Ke8 33. Qxg6+ Qf7 34. Qxf7+ Rxf7 35. g6 Rg7 36. Rh8+ Kd7 37. Nf6+ Ke7 38. Ne8 Nd8 39. Nxg7 Rc8 40. Rh7 Kf6
41. Nh5+ Kg5 42. Rg1+ Kh4 43. Nf6#
1-0

[Event "Brexit Celebration"]
[Site "SchemingMind.com"]
[Date "2020.04.11"]
[Round "-"]
[White "Steven DuCharme"]
[Black "kenneth m day"]
[Result "0-1"]
[WhiteCountry "USA"]
[BlackCountry "USA"]
[WhiteElo "1569"]
[WhiteRD "54"]
[BlackElo "1758"]
[BlackRD "52"]
[GameID "453572"]

1. Nf3 Nf6 2. g3 d5 3. Bg2 c6 4. O-O g6 5. b3 Bg7 6. Bb2 O-O 7. d3 Nbd7 8. Nbd2 Re8 9. h3 e5 10. a4 Qc7
11. e4 dxe4 12. Nxe4 Nxe4 13. dxe4 Nc5 14. Re1 Bd7 15. b4 Na6 16. Ba3 Rad8 17. Qe2 Be6 18. Rad1 Nb8 19. c4 Nd7 20. Ng5 Nf8
21. Nxe6 Nxe6 22. Bb2 b6 23. Rxd8 Rxd8 24. Rd1 Nd4 25. Bxd4 exd4 26. Qd3 Qe5 27. f4 Qe7 28. b5 c5 29. g4 f6 30. e5 fxe5
31. Bd5+ Kh8 32. Qg3 exf4 33. Qxf4 Rf8 34. Qg3 Bh6 35. Re1 Be3+ 36. Kg2 Qf6 37. Qf3 Qe7 38. Qe2 Rf6 39. Rf1 Qf8 40. Rxf6 Qxf6
41. Qf3 Qf4 42. Qxf4 Bxf4 43. Be4 Kg7 44. Kf3 Bc1 45. Bd3 Kf6 46. Ke4 Kg5 47. Kd5 Kh4 48. Kc6 Bd2 49. Kb7 Kxh3 50. Kxa7 Ba5
0-1

[Event "Brexit Celebration"]
[Site "SchemingMind.com"]
[Date "2020.04.11"]
[Round "-"]
[White "kenneth m day"]
[Black "Steven DuCharme"]
[Result "1-0"]
[WhiteCountry "USA"]
[BlackCountry "USA"]
[WhiteElo "1743"]
[WhiteRD "52"]
[BlackElo "1576"]
[BlackRD "56"]
[GameID "453573"]

1. e4 d6 2. d4 Nf6 3. Nc3 g6 4. Nf3 Bg7 5. Be2 O-O 6. Bg5 Nbd7 7. Qd2 b6 8. O-O-O Bb7 9. Bd3 a6 10. Rdg1 Kh8
11. g4 Ng8 12. h4 f6 13. Be3 e5 14. g5 fxg5 15. Nxg5 Qe7 16. h5 exd4 17. hxg6 h6 18. Bxd4 Bxd4 19. Rxh6+ Nxh6 20. Rh1 Kg7
21. Ne6+ Qxe6 22. Qxh6+ Kf6 23. g7+ Ke5 24. Rh5+ Rf5 25. Rxf5+ Qxf5 26. exf5 Nc5 27. f4#
1-0

[Event "Brexit Celebration"]
[Site "SchemingMind.com"]
[Date "2020.04.16"]
[Round "-"]
[White "The Stonewall"]
[Black "kenneth m day"]
[Result "1-0"]
[WhiteCountry "ENG"]
[BlackCountry "USA"]
[WhiteElo "2422"]
[WhiteRD "87"]
[BlackElo "1771"]
[BlackRD "48"]
[GameID "453574"]

1. c4 c5 2. Nf3 Nc6 3. d4 cxd4 4. Nxd4 Nf6 5. Nc3 e6 6. a3 Bc5 7. Nb3 Be7 8. e4 O-O 9. Be2 b6 10. O-O Bb7
11. Bf4 d6 12. Qc2 Ne5 13. Rad1 Qc7 14. h3 Ng6 15. Bg3 Rad8 16. Nd4 a6 17. f4 Qc8 18. b4 Rfe8 19. Bh2 d5 20. f5 Nf8
21. fxe6 dxe4 22. exf7+ Kxf7 23. Bg4 Qa8 24. Bh5+ g6 25. Be2 Kg7 26. Na4 N8d7 27. Ne6+ Kf7 28. Nxd8+ Rxd8 29. Bd6 Bxd6 30. Rxd6 Ke7
31. c5 bxc5 32. bxc5 Bc6 33. Qc3 Rf8 34. Nb6 Qb7 35. Nxd7 Bxd7 36. Rdxf6 Rxf6 37. Qxf6+
1-0

[Event "Brexit Celebration"]
[Site "SchemingMind.com"]
[Date "2020.04.16"]
[Round "-"]
[White "kenneth m day"]
[Black "The Stonewall"]
[Result "0-1"]
[WhiteCountry "USA"]
[BlackCountry "ENG"]
[WhiteElo "1771"]
[WhiteRD "48"]
[BlackElo "2422"]
[BlackRD "87"]
[GameID "453575"]

1. e4 e6 2. d4 d5 3. Nd2 h6 4. c3 c5 5. exd5 exd5 6. Ngf3 Nf6 7. Bb5+ Bd7 8. Bxd7+ Nbxd7 9. O-O Be7 10. Re1 O-O
11. Ne5 Re8 12. Ndf3 cxd4 13. cxd4 Qb6 14. b3 Rac8 15. Be3 Ba3 16. h3 Qa6 17. Qe2 Qxe2 18. Rxe2 Nf8 19. Rae1 Ne6 20. Nh4 Bb4
21. Rd1 Ne4 22. Rc1 Rxc1+ 23. Bxc1 Nxd4 24. Re3 Rxe5 25. Bb2 Bc5 26. Rd3 Nxf2 27. Rxd4 Re2 28. Rxd5 Ng4+ 29. Rxc5 Re1#
0-1

[Event "Brexit Celebration"]
[Site "SchemingMind.com"]
[Date "2020.04.11"]
[Round "-"]
[White "kenneth m day"]
[Black "ray winteringham"]
[Result "1-0"]
[WhiteCountry "USA"]
[BlackCountry "ENG"]
[WhiteElo "1743"]
[WhiteRD "52"]
[BlackElo "1499"]
[BlackRD "48"]
[GameID "453576"]

1. e4 d5 2. exd5 Qxd5 3. Nc3 Qd8 4. d4 Nf6 5. Nf3 e6 6. Bf4 Bd6 7. Ne5 O-O 8. Qd2 Bd7 9. O-O-O h6 10. Bd3 Bxe5
11. dxe5 Nh7 12. g4 Nc6 13. Bxh6 gxh6 14. Qxh6 Qg5+ 15. Qxg5+ Nxg5 16. f4 Nh3 17. Rde1 Nxf4 18. Be4 Nh3 19. Re3 Ng5 20. Bd3 Kg7
21. h4 Rh8 22. h5 Rh6 23. Ne4 Nh7 24. Rg3 Nf8 25. g5 Rh8 26. h6+ Kg8 27. Nf6#
1-0

[Event "Brexit Celebration"]
[Site "SchemingMind.com"]
[Date "2020.04.11"]
[Round "-"]
[White "ray winteringham"]
[Black "kenneth m day"]
[Result "1-0"]
[WhiteCountry "ENG"]
[BlackCountry "USA"]
[WhiteElo "1499"]
[WhiteRD "48"]
[BlackElo "1743"]
[BlackRD "52"]
[GameID "453577"]

1. g3 d5 2. Bg2 Nf6 3. d4 c6 4. Nf3 Bf5 5. c3 Nbd7 6. O-O e6 7. Bg5 Be7 8. Nbd2 h6 9. Bxf6 Nxf6 10. Nh4 Bh7
11. e3 g5 12. Nhf3 Qc7 13. Ne5 Bd6 14. c4 Bxe5 15. dxe5 Qxe5 16. Qb3 O-O-O 17. Nf3 Qc7 18. cxd5 exd5 19. Nd4 Ne4 20. Bxe4 Bxe4
21. Qa3 Kb8 22. Rfc1 Rd6 23. Nb5 cxb5 24. Rxc7 Kxc7 25. Qc3+
1-0

[Event "Brexit Celebration"]
[Site "SchemingMind.com"]
[Date "2020.04.16"]
[Round "-"]
[White "kenneth m day"]
[Black "DANDYLIONHONEYBADGER"]
[Result "1-0"]
[WhiteCountry "USA"]
[BlackCountry "USA"]
[WhiteElo "1771"]
[WhiteRD "48"]
[BlackElo "1391"]
[BlackRD "74"]
[GameID "453578"]

1. e4 e5 2. Nf3 Nc6 3. c3 b5 4. Bxb5 a6 5. Ba4 Be7 6. d4 Nf6 7. Bc2 d6 8. O-O a5 9. Be3 Na7 10. Nbd2 Nc6
11. dxe5 dxe5 12. Ba4 Bd7 13. Ng5 O-O 14. f4 Bd6 15. Bc2 Bg4 16. Ngf3 a4 17. Bxa4 Qd7 18. Bc2 exf4 19. Bf2 Ne5 20. Re1 h6
21. h3 Bxf3 22. Nxf3 Nc4 23. Qc1 Rfb8 24. b3 Ne3 25. Bxe3 fxe3 26. Qxe3 Bg3 27. Red1 Bd6 28. e5 Nd5 29. Rxd5 Re8 30. Qd3 Rad8
31. exd6 c6 32. Qh7+
1-0

[Event "Brexit Celebration"]
[Site "SchemingMind.com"]
[Date "2020.04.16"]
[Round "-"]
[White "DANDYLIONHONEYBADGER"]
[Black "kenneth m day"]
[Result "0-1"]
[WhiteCountry "USA"]
[BlackCountry "USA"]
[WhiteElo "1391"]
[WhiteRD "74"]
[BlackElo "1771"]
[BlackRD "48"]
[GameID "453579"]

1. Nc3 Nf6 2. f3 e5 3. e4 Bc5 4. a3 Nc6 5. Nge2 h5 6. h3 d5 7. b4 Be7 8. g3 dxe4 9. fxe4 Be6 10. Bg2 Qd7
11. Kf2 O-O-O 12. Bb2 Qxd2 13. Qxd2 Rxd2 14. Bc1 Rxc2 15. Bf3 Nd4 16. Bb2 Rxb2 17. Ra2 Bxa2 18. Nxa2 Rxa2 19. Ke3 Rd8 20. Nc3 Rxa3
21. Rc1 Bxb4 22. g4 Nxf3 23. Kxf3 Rd3+ 24. Ke2 Rxh3 25. Nb5 Ra2+
0-1

[Event "Brexit Celebration"]
[Site "SchemingMind.com"]
[Date "2020.04.17"]
[Round "-"]
[White "Steven DuCharme"]
[Black "Brian Acebo"]
[Result "1-0"]
[WhiteCountry "USA"]
[BlackCountry "USA"]
[WhiteElo "1599"]
[WhiteRD "55"]
[BlackElo "1517"]
[BlackRD "106"]
[GameID "453777"]

1. g3 d5 2. Bg2 Nf6 3. d3 e6 4. Nf3 Be7 5. O-O O-O 6. Re1 Nc6 7. b3 a6 8. Bb2 b5 9. Nbd2 Bb7 10. e4 Nb4
11. a3 Nc6 12. exd5 Nxd5 13. Ne5 Nxe5 14. Rxe5 Bf6 15. Ne4 Bxe5 16. Bxe5 f6 17. Bb2 Rb8 18. Nc5 Bc8 19. Qe2 Re8 20. Re1 Nb6
21. Bc6 Re7 22. Bc3 Qd6 23. Bg2 Re8 24. b4 Kf7 25. Qe4 h6 26. Qh7 Nd7 27. Be4
1-0

[Event "Brexit Celebration"]
[Site "SchemingMind.com"]
[Date "2020.04.15"]
[Round "-"]
[White "Brian Acebo"]
[Black "Steven DuCharme"]
[Result "1-0"]
[WhiteCountry "USA"]
[BlackCountry "USA"]
[WhiteElo "1551"]
[WhiteRD "97"]
[BlackElo "1568"]
[BlackRD "59"]
[GameID "453778"]

1. e4 d6 2. Nf3 Nf6 3. Nc3 g6 4. d4 Bg7 5. Be3 h5 6. Qd2 Ng4 7. Bf4 Bh6 8. h3 Bxf4 9. Qxf4 e5 10. Qd2 Nh6
11. O-O-O f6 12. Bc4 g5 13. dxe5 fxe5 14. Nxg5 Nc6 15. h4 Nd4 16. Qe3 c6 17. Nf3 Bg4 18. Rde1 Nxf3 19. gxf3 Bd7 20. Reg1 Qe7
21. Rg6 Nf7 22. Rhg1 O-O-O 23. Qxa7 Kc7 24. Qa5+ Kb8 25. Bxf7 Qxf7 26. Rxd6 Rhg8 27. Rgd1 Kc8= 28. Qxe5 Qxf3 29. Rf6 Qg4 30. Rf4 Qg6
31. Re1 Rde8 32. Qd4 Qh6 33. Qe3 Kb8 34. Rf7 Qxe3+ 35. Rxe3 Rg1+ 36. Kd2 Bg4 37. Rg3 Rd8+ 38. Ke3 Rxg3+ 39. fxg3 Ka7 40. b3 Kb6
41. b4 Bd1 42. Nxd1 Rxd1 43. Rf2
1-0

[Event "Brexit Celebration"]
[Site "SchemingMind.com"]
[Date "2020.04.20"]
[Round "-"]
[White "The Stonewall"]
[Black "Brian Acebo"]
[Result "1-0"]
[WhiteCountry "ENG"]
[BlackCountry "USA"]
[WhiteElo "2427"]
[WhiteRD "86"]
[BlackElo "1551"]
[BlackRD "97"]
[GameID "453779"]

1. c4 e5 2. Nc3 Nf6 3. Nf3 Nc6 4. e3 Be7 5. Qb3 O-O 6. Be2 d5 7. cxd5 Na5 8. Qa4 b6 9. e4 Bd7 10. Qc2 Bd6
11. a3 h6 12. O-O c6 13. b4 Nb7 14. dxc6 Bxc6 15. Ba6 Rb8 16. Bb2 Re8 17. Rfe1 Qc7 18. Rac1 Nd8 19. Nb5 Qd7 20. Nxd6 Qxd6
21. d4 Nxe4 22. dxe5 Qe6 23. Nd4 Qd5 24. Nxc6 Nxc6 25. Rxe4 Nxe5 26. Rce1 f6 27. Bxe5 Kf8 28. Bxb8 Rxb8 29. Re7
1-0

[Event "Brexit Celebration"]
[Site "SchemingMind.com"]
[Date "2020.04.20"]
[Round "-"]
[White "Brian Acebo"]
[Black "The Stonewall"]
[Result "0-1"]
[WhiteCountry "USA"]
[BlackCountry "ENG"]
[WhiteElo "1517"]
[WhiteRD "106"]
[BlackElo "2422"]
[BlackRD "87"]
[GameID "453780"]

1. e4 e6 2. d4 c5 3. Nf3 cxd4 4. Nxd4 Nc6 5. Be3 Nf6 6. Bd3 d5 7. exd5 Nxd5 8. Nxc6 bxc6 9. Bd2 Rb8 10. b3 Qf6
11. c3 Bd6 12. a4 Qe5+ 13. Be2 Ba6 14. g3 Rxb3 15. O-O Qxe2 16. Qxe2 Bxe2 17. Re1 Bd3 18. Rc1 Ke7 19. c4 Rxb1 20. Raxb1 Bxb1
21. Rxb1 Nb6 22. a5 Nxc4 23. Bc3 Rb8 24. Rc1 g6 25. Bd4 Nxa5 26. Bxa7 Rb7 27. Be3 Kd7 28. Kf1 c5 29. Bxc5 Nb3
0-1

[Event "Brexit Celebration"]
[Site "SchemingMind.com"]
[Date "2020.04.15"]
[Round "-"]
[White "Brian Acebo"]
[Black "kenneth m day"]
[Result "0-1"]
[WhiteCountry "USA"]
[BlackCountry "USA"]
[WhiteElo "1517"]
[WhiteRD "106"]
[BlackElo "1771"]
[BlackRD "48"]
[GameID "453781"]

1. e4 e5 2. Nf3 Nc6 3. Bb5 Nf6 4. Nc3 Bb4 5. a3 Bxc3 6. bxc3 d6 7. d3 Bd7 8. O-O O-O 9. Rb1 a6 10. Ba4 b5
11. Bb3 Ne7 12. Bg5 Ng6 13. h3 h6 14. Be3 Rc8 15. c4 bxc4 16. Ba2 cxd3 17. cxd3 Nf4 18. Kh2 N6h5 19. g3 Nxh3 20. Ng1 Nxf2
21. Rxf2 Nf6 22. Ne2 Ng4+ 23. Kg2 Nxf2 24. Kxf2 Bg4 25. Qd2 Qf6+ 26. Ke1 Qf3 27. Rb2 Rb8 28. Rc2 c5 29. Rc1 Bh3 30. Kd1 Kh8
31. Kc2 Bg4 32. Re1 Rb6
0-1

[Event "Brexit Celebration"]
[Site "SchemingMind.com"]
[Date "2020.04.15"]
[Round "-"]
[White "kenneth m day"]
[Black "Brian Acebo"]
[Result "1-0"]
[WhiteCountry "USA"]
[BlackCountry "USA"]
[WhiteElo "1758"]
[WhiteRD "52"]
[BlackElo "1535"]
[BlackRD "121"]
[GameID "453782"]

1. e4 c5 2. d4 cxd4 3. c3 dxc3 4. Nxc3 Nc6 5. Nf3 d6 6. Bc4 e6 7. O-O g6 8. Bg5 Nge7 9. Bf6 Rg8 10. Qe2 Bd7
11. Rfd1 Qc7 12. Rac1 O-O-O 13. Nb5 Qb6 14. Nxd6+ Kb8 15. Nxf7 Rc8 16. Rxd7 Bg7 17. Bxg7 Rxg7 18. Bxe6 Rc7 19. N3e5 Nxe5 20. Rd8+ Nc8
21. Rxc8+
1-0

[Event "Brexit Celebration"]
[Site "SchemingMind.com"]
[Date "2020.04.15"]
[Round "-"]
[White "Brian Acebo"]
[Black "ray winteringham"]
[Result "1/2-1/2"]
[WhiteCountry "USA"]
[BlackCountry "ENG"]
[WhiteElo "1517"]
[WhiteRD "106"]
[BlackElo "1475"]
[BlackRD "50"]
[GameID "453783"]

1. d4 d5 2. c4 e6 3. e3 Nf6 4. Nf3 Bd7 5. a3 g6 6. Bd3 Bg7 7. O-O O-O 8. Nc3 Nc6 9. c5 b6 10. b4 Ne7
11. Ne5 c6 12. Bb2 b5 13. a4 a6 14. a5 Nh5 15. h3 Bxe5 16. dxe5 f5 17. Ne2 Rf7 18. Bd4 Qc7 19. f3 Raf8 20. Rf2 Ng7
21. Qc2 g5 22. f4 gxf4 23. exf4 Ng6 24. Raf1 Re8 25. Ng3 Kf8 26. Nh1 Ke7 27. g4 Nh4 28. Kh2 h5 29. Kg3 Ng6 30. g5 Kd8
31. Be2 Rh8 32. Kg2 h4 33. Rf3 Rff8 34. Qd1 Rh7 35. Nf2=
1/2-1/2

[Event "Brexit Celebration"]
[Site "SchemingMind.com"]
[Date "2020.04.17"]
[Round "-"]
[White "ray winteringham"]
[Black "Brian Acebo"]
[Result "0-1"]
[WhiteCountry "ENG"]
[BlackCountry "USA"]
[WhiteElo "1475"]
[WhiteRD "50"]
[BlackElo "1517"]
[BlackRD "106"]
[GameID "453784"]

1. e4 e6 2. d4 d5 3. e5 c5 4. c3 cxd4 5. cxd4 Bb4+ 6. Bd2 Bxd2+ 7. Nxd2 Nc6 8. Bb5 Ne7 9. Ne2 Bd7 10. O-O O-O
11. f4 a6 12. Bxc6 Nxc6 13. Nb3 b6 14. a3 a5 15. Nd2 Rc8 16. Qb3 Na7 17. a4 Qe7 18. Qxb6 Nc6 19. Qb3 Rc7 20. Qf3 Nb4
21. b3 Rfc8 22. Rac1 Rxc1 23. Rxc1 Rb8 24. Nb1 h6 25. Nd2 f6 26. Rc5 Nc6 27. Nc1 Nxd4 28. Qc3 Nc6 29. Qe3 fxe5 30. fxe5 Nxe5
31. Rxa5 Nc6 32. Rc5 Nb4 33. Qg3 Qxc5+ 34. Kf1 Rf8+ 35. Nf3 Qxc1+ 36. Kf2 Nd3+ 37. Ke2 Nf4+ 38. Kf2 Nd3+ 39. Ke2 Qc2+ 40. Ke3 Qxb3
0-1

[Event "Brexit Celebration"]
[Site "SchemingMind.com"]
[Date "2020.04.20"]
[Round "-"]
[White "Brian Acebo"]
[Black "DANDYLIONHONEYBADGER"]
[Result "1-0"]
[WhiteCountry "USA"]
[BlackCountry "USA"]
[WhiteElo "1563"]
[WhiteRD "100"]
[BlackElo "1326"]
[BlackRD "76"]
[GameID "453785"]

1. d4 d5 2. c4 g6 3. Nf3 f6 4. Nc3 c6 5. e3 Be6 6. Be2 Qa5 7. O-O dxc4 8. Bd2 Qc7 9. Qc2 Bf7 10. Ne4 Nd7
11. Bxc4 Bxc4 12. Qxc4 b5 13. Qc2 Bg7 14. Qb3 a5 15. a4 b4 16. Qc4 Bh6 17. b3 Nb6 18. Qd3 Nd7 19. Rac1 f5 20. Ng3 e6
21. Rc2 Ne7 22. Re1 c5 23. Rec1 Nd5 24. dxc5 Nxc5 25. Rxc5 Qd7 26. Qd4 O-O 27. e4 Bxd2 28. Nxd2 Nb6 29. Qe3 Rac8 30. Rxc8 Nxc8
31. exf5 exf5 32. f4 Re8 33. Qf2 Ne7 34. Nc4 Qc7 35. Re1 Qd8 36. h3 Nc6 37. Rxe8+ Qxe8 38. Ne2 Nd8 39. Nxa5 Qe6 40. Nd4 Qa6
41. Nc4 Qf6 42. Qe3 Kg7 43. Nc2 Nc6 44. Qd2
1-0

[Event "Brexit Celebration"]
[Site "SchemingMind.com"]
[Date "2020.04.20"]
[Round "-"]
[White "DANDYLIONHONEYBADGER"]
[Black "Brian Acebo"]
[Result "0-1"]
[WhiteCountry "USA"]
[BlackCountry "USA"]
[WhiteElo "1348"]
[WhiteRD "73"]
[BlackElo "1551"]
[BlackRD "97"]
[GameID "453786"]

1. Nc3 d5 2. e4 dxe4 3. Nxe4 Bf5 4. Qf3 e6 5. g4 Bg6 6. Ng5 c6 7. Bd3 Qxg5 8. h4 Qe5+ 9. Ne2 Bxd3 10. cxd3 Nd7
11. d4 Qc7 12. g5 O-O-O 13. Nc3 g6 14. Qxf7 Qd6 15. O-O Qxd4 16. Qf3 Qxh4 17. Ne4 Ne5 18. Qe3 Qg4+ 19. Ng3 Nf3+ 20. Kg2 Nh4+
21. Kh2 Nf3+ 22. Kg2 Nxg5 23. f3 Qh3+ 24. Kf2 Qh2+
0-1